UBT Library

Advances in electrocardiography, (Record no. 44949)

000 -LEADER
fixed length control field 00650cam a2200229 4500
001 - CONTROL NUMBER
control field 765844
005 - DATE AND TIME OF LATEST TRANSACTION
control field 20180314044540.0
008 - FIXED-LENGTH DATA ELEMENTS--GENERAL INFORMATION
fixed length control field 720811m19729999nyua b 101 0 eng
010 ## - LIBRARY OF CONGRESS CONTROL NUMBER
LC control number 70186585
020 ## - INTERNATIONAL STANDARD BOOK NUMBER
International Standard Book Number 0808907557 (v. 1)
040 ## - CATALOGING SOURCE
Original cataloging agency DLC
Transcribing agency DLC
Modifying agency DLC
041 ## - LANGUAGE CODE
Language code of text/sound track or separate title eng
060 ## - NATIONAL LIBRARY OF MEDICINE CALL NUMBER
Classification number WG 140 A244
080 ## - UNIVERSAL DECIMAL CLASSIFICATION NUMBER
Universal Decimal Classification number 616.120754 SCH
082 00 - DEWEY DECIMAL CLASSIFICATION NUMBER
Classification number 616.120754 SCH
100 ## - Rafti
Rafti 7
101 ## - Shkurtesa
Shkurtesa KAR
245 00 - TITLE STATEMENT
Title Advances in electrocardiography,
Statement of responsibility, etc by J. A. Abildskov [and others] Edited by Robert C. Schlant and J. Willis Hurst.
504 ## - BIBLIOGRAPHY, ETC. NOTE
Bibliography, etc Includes bibliographies.
906 ## - LOCAL DATA ELEMENT F, LDF (RLIN)
a 7
b cbc
c orignew
d 2
e ncip
f 19
g y-gencatlg
942 ## - ADDED ENTRY ELEMENTS (KOHA)
Source of classification or shelving scheme
Item type Books
Holdings
Withdrawn status Lost status Source of classification or shelving scheme Damaged status Not for loan Collection code Permanent location Current location Shelving location Date acquired Total Checkouts Full call number Barcode Date last seen Price effective from Koha item type
          Koleksioni i përgjithshem UBT - Lipjan UBT - Lipjan Koleksioni i përgjithshem 03/14/2018   616.120754 SCH 002-3001082 03/14/2018 03/14/2018 Books
UBT Library © 2015-2024. All rights reserved University Education for Business and Technology